[Event "Marienbad IM-I 2022"]
[Site "Marianske Lazne"]
[Date "2022.01.21"]
[Round "8.14"]
[White "Plischki, Sebastian"]
[Black "Frank, Adam"]
[Result "0-1"]
[WhiteElo "2375"]
[BlackElo "2339"]
[Annotator "TA"]
[PlyCount "104"]
[EventDate "2022.01.15"]
[EventType "tourn"]
[EventCountry "CZE"]
[SourceTitle "playchess.com"]
[Source "ChessBase"]
[SourceQuality "1"]

{[%evp 24,104,48,34,61,69,67,59,97,47,37,48,49,46,50,48,164,146,177,142,192,188,204,191,169,128,114,96,100,41,53,57,174,168,153,88,77,77,78,-126,-79,-217,-185,-206,-164,-151,-12,-41,-79,-266,-260,-255,-264,-415,-377,-372,-324,-369,-190,-629,-557,-547,-156,-156,-151,-156,-142,-179,-139,-140,-144,-140,-140,-247,-233,-254,-239,-346,-364,-338,-337,-350,-309]} 1. d4 Nf6 2. c4 g6 3. Nc3 Bg7 4. e4 d6 5. f3 O-O 6. Nge2 Nbd7 7. Be3 a6 8. Ng3 h5 9. Be2 c5 10. d5 Ne5 11. O-O e6 12. a4 exd5 13. cxd5 (13. Nxd5 Nxd5 14. cxd5 h4 $15) 13... Qa5 {A65: Modern Benoni: 6 e4.} 14. h3 Qb4 15. Qc2 Re8 {[#] White is slightly better.} 16. Na2 $146 (16. Rfb1 $16) ({Predecessor:} 16. a5 Bd7 17. Ra3 Nc4 18. Bxc4 Qxc4 19. Rd1 Reb8 20. Nf1 Ne8 21. Nd2 Qb4 22. Kh1 {1-0 (40) Edwards,K (2230)-Rybak,M (2405) ICCF email 2015}) 16... Qa5 $14 17. f4 Ned7 18. Nc3 $1 {[%cal Oe4e5]} h4 19. Nh1 Nb6 (19... Qd8 $14) 20. Bd2 $1 $36 {[%mdl 2048] White is in control.} Qb4 {[%cal Rf6e4]} 21. Nf2 {Ncd1 is the strong threat.} c4 (21... Qd4 $16) 22. a5 {Threatens to win with Na4.} Nbd7 23. Ra4 {[%cal Ba1a4,Ba4c4,Bc4c6][%mdl 32]} Qc5 24. Rxc4 Qxa5 25. Bf3 (25. e5 {is more complex.} dxe5 26. f5 Nf8 27. Bd3 gxf5 28. Bxf5 Qb6 29. Kh2) 25... Qd8 26. Re1 (26. Ne2 $16) 26... b5 $14 27. Rc6 Nb6 (27... Nb8 $14) 28. e5 $1 $18 Bf5 29. Qd1 (29. Qb3 Nc4 $1 30. exf6 Nxd2 31. Rxe8+ Qxe8 $17) (29. Qc1 $142 $1 dxe5 30. fxe5) 29... dxe5 $16 30. fxe5 Nfd7 (30... Nfxd5 $2 31. Nxd5 Nc4 32. Kh1 $18) 31. Nfe4 $2 (31. e6 $16 {is forced if you want to stay better.}) 31... Nxe5 $17 32. Bg5 (32. Nd6 $17 Rf8 33. Bf4 (33. Nxf5 gxf5 34. Rxe5 Bxe5 $15) 33... Nxc6 34. dxc6) 32... Qb8 $19 33. Bxh4 Nxc6 34. dxc6 Nc4 (34... b4 $17 35. g4 Be6) 35. Nd5 Bxe4 (35... Nxb2 $2 36. Nef6+ Kh8 37. Rxe8+ $16) 36. Rxe4 $2 (36. Bxe4 $17 Qe5 37. b3 Qd4+ 38. Qxd4 Bxd4+ 39. Bf2 Bxf2+ 40. Kxf2) 36... Rxe4 (36... Bxb2 $2 37. c7 Qa7+ 38. Bf2 Qxf2+ 39. Kxf2 $18) ({Less strong is} 36... Nxb2 37. Qe2 Rxe4 38. Qxe4 $16) 37. Bxe4 {[#] This bishop pair is nice.} Qe5 ({But not} 37... Nxb2 38. Qc2 Bd4+ 39. Kh1 $16) (37... Bxb2 $2 38. c7 Qxc7 39. Nxc7 $18) 38. Qg4 (38. Qd3 {was worth a try.} Re8 39. c7) 38... Nd6 (38... f5 $2 39. Qxg6 Ra7 {[#]} 40. Bg3 $1 Qd4+ 41. Bf2 $18) 39. Bf3 Nf5 {To avoid Bg3} 40. c7 Rc8 (40... Qxb2 $142 41. Bf2 Qa1+ 42. Bd1 Rc8) 41. b4 $2 (41. Qg5) 41... Rxc7 42. Nxc7 Nxh4 $2 (42... Qa1+ $19 {and Black stays clearly on top.} 43. Bd1 Nxh4) 43. Qxh4 $17 {Black must now prevent Nd5.} Qxc7 44. Qe4 Be5 45. Qc6 Qa7+ 46. Kf1 {aiming for Qe8+.} Qe3 47. Qe4 Qc1+ 48. Ke2 (48. Qe1 $17 Qc7 49. Qe3) 48... Bc3 $19 49. Kf2 {Prevents Qe1+.} Qd2+ 50. Kg3 (50. Be2 {was necessary.}) 50... Bxb4 51. Qe8+ Kg7 {( -> ...Bd6+)} 52. Qe5+ Kh7 {Weighted Error Value: White=0.51/Black=0.44} 0-1

[Event "Marienbad IM-I 2022"]
[Site "Marianske Lazne"]
[Date "2022.01.22"]
[Round "9.11"]
[White "Gnojek, Petr"]
[Black "Matras, Ondrej"]
[Result "1-0"]
[WhiteElo "2257"]
[BlackElo "2223"]
[Annotator "TA"]
[PlyCount "43"]
[EventDate "2022.01.15"]
[EventType "tourn"]
[EventCountry "CZE"]
[SourceTitle "playchess.com"]
[Source "ChessBase"]
[SourceQuality "1"]

{[%evp 13,43,47,45,47,91,70,96,67,105,100,123,108,121,110,124,66,62,50,85,27,38,45,101,102,565,565,790,782,1466,1463,29982,29981]} 1. d4 Nf6 2. c4 g6 3. Nc3 Bg7 4. e4 d6 5. f3 O-O 6. Be3 e5 7. Nge2 Nfd7 {7...Nbd7 is becoming the main line.} 8. Qd2 {E85: King's Indian: Sämisch: 6...e5.} c5 (8... exd4 $14 {should be considered.} 9. Nxd4 Ne5) 9. dxc5 dxc5 10. Nd5 {White is better.} Nc6 {[#]} 11. h4 $146 {[%cal Bh2h4,Bh4h5][%mdl 32]} ({Predecessor:} 11. Nec3 Nd4 12. Bd3 Nb6 13. O-O Nxd5 14. Nxd5 Be6 15. Rab1 Rc8 16. Rfc1 Bxd5 17. cxd5 {½-½ (34) Fuchs,R-Starck,B Soemmerda 1957}) 11... Nd4 12. h5 Nf6 13. Bg5 ({Inferior is} 13. Bxd4 cxd4 14. hxg6 fxg6 $15) 13... Be6 14. Nxd4 (14. O-O-O $16) 14... cxd4 $14 15. Bd3 {White is much more active. Black has bad knights.} Bxd5 16. exd5 ({White should try} 16. cxd5 $16 Qb6 17. hxg6) 16... Qd6 17. hxg6 hxg6 ({Better is} 17... fxg6 $14 18. O-O b5) 18. Bh6 $16 {aiming for Bxg7. A strong pair of Bishops.} Nh5 {[%mdl 8192] [#] This costs Black the game.} (18... Nd7 $16 {is tougher.}) 19. Rxh5 $1 $18 {[%mdl 512]} gxh5 (19... Bf6 20. Bxf8) 20. Bxg7 {Threatening mate with Qg5.} Kxg7 21. Qg5+ Kh8 22. c5 {Weighted Error Value: White=0.13 (very precise) /Black=1.02} 1-0

[Event "Marienbad IM-I 2022"]
[Site "Marianske Lazne"]
[Date "2022.01.22"]
[Round "9.12"]
[White "Frank, Adam"]
[Black "Redzisz, Michal"]
[Result "1/2-1/2"]
[WhiteElo "2339"]
[BlackElo "2261"]
[Annotator "TA"]
[PlyCount "89"]
[EventDate "2022.01.15"]
[EventType "tourn"]
[EventCountry "CZE"]
[SourceTitle "playchess.com"]
[Source "ChessBase"]
[SourceQuality "1"]

{[%evp 19,89,-11,-4,-14,-16,-29,-16,-25,-18,-19,-9,-20,-29,-29,-4,0,-8,-17,-11,-10,-8,-10,-8,-13,-4,-4,-4,-4,0,0,0,-6,-6,-6,0,0,0,0,5,0,0,0,0,0,0,0,0,0,0,0,0,0,0,0,0,0,0,0,0,0,0,0,3,0,0,0,0,0,0,-16,-24,-176]} 1. e4 c5 2. Nf3 d6 3. d4 cxd4 4. Nxd4 Nf6 5. Nc3 g6 6. Be2 Bg7 7. O-O O-O 8. Kh1 Nc6 9. Nb3 a6 {has lost popularity (9...Be6).} 10. a4 Be6 11. Be3 {[#] B70: Sicilian Dragon: 6 g3 and 6 Be2 (without a later Be3).} d5 $146 ({Predecessor:} 11... Rc8 12. f4 Na5 13. Nd4 Bc4 14. Bd3 d5 15. e5 Ne4 16. Nce2 Qd7 17. b4 Nc6 18. Bxc4 dxc4 19. Nxc6 Qxc6 20. c3 {0-1 (42) Schuls,O (2224)-Petursson,M (2513) Puhajarve 2016}) 12. exd5 Nxd5 13. Nxd5 {The position is equal.} Bxd5 14. c3 Ne5 15. Re1 e6 16. f3 Nc4 17. Bxc4 Bxc4 18. Qxd8 Rfxd8 {[%cal Bf8d8,Bd8d5,Bd5b5][%mdl 32]} 19. Nd2 b5 20. Nxc4 bxc4 21. a5 Rd5 22. Bb6 Rb5 23. Re2 Bf8 24. Ra4 Bc5 25. Rxc4 Bxb6 26. axb6 $11 {[%mdl 4096] Endgame KRR-KRR} Rd8 {[#] ( -> ...Rd1+)} 27. Kg1 Rxb6 28. b4 Kg7 29. Rc7 a5 30. bxa5 Ra6 31. Rc5 Rd1+ $1 32. Kf2 Ra1 {To avoid Ra2} 33. Ke3 R1xa5 34. Rxa5 Rxa5 {KR-KR} 35. Kd4 Kf6 36. c4 e5+ 37. Kc3 Ke6 38. Kb4 Ra8 39. c5 Rb8+ 40. Kc4 f5 41. g3 Rb1 42. Ra2 Rc1+ 43. Kb5 e4 44. f4 e3 {[#] And now ...Kd5 would win.} 45. Re2 $2 {Weighted Error Value: White=0.02 (flawless) /Black=0.02 (flawless)} (45. Kc6 $1 $11) 1/2-1/2

[Event "Marienbad IM-I 2022"]
[Site "Marianske Lazne"]
[Date "2022.01.22"]
[Round "9.13"]
[White "Jurek, Josef"]
[Black "Plischki, Sebastian"]
[Result "0-1"]
[WhiteElo "2207"]
[BlackElo "2375"]
[Annotator "TA"]
[PlyCount "88"]
[EventDate "2022.01.15"]
[EventType "tourn"]
[EventCountry "CZE"]
[SourceTitle "playchess.com"]
[Source "ChessBase"]
[SourceQuality "1"]

{[%evp 16,88,36,23,38,22,27,18,9,9,19,0,0,-47,-43,-146,-147,-214,-213,-207,-209,-224,-217,-222,-206,-252,-191,-296,-287,-372,-312,-299,-242,-222,-207,-310,-308,-308,-233,-254,-239,-300,-292,-337,-337,-338,-338,-338,-354,-386,-409,-378,-317,-424,-417,-467,-455,-529,-514,-699,-681,-700,-725,-814,-800,-1045,-983,-1295,-1214,-12833,-12833,-3009,-1543,-2363,-2317]} 1. Nf3 Nf6 2. c4 g6 3. d4 Bg7 4. g3 O-O 5. Bg2 d6 6. Nc3 Nbd7 7. O-O e5 8. e4 Re8 9. h3 b6 {E67: King's Indian: Fianchetto: 6...Nbd7.} 10. d5 Nc5 11. Qc2 a5 {The position is equal.} 12. Be3 Bd7 {[#]} 13. Nd2 $146 ({Predecessor:} 13. b3 h6 14. a3 Qe7 15. b4 Nb7 16. Kh2 Kh7 17. Nd2 Ng8 18. Rae1 h5 19. f4 exf4 20. gxf4 {1-0 (63) Franzen,J (2254)-Valenta,V (2117) Tatranske Zruby 2018}) 13... Nh5 14. Ne2 (14. Nb3 $11) 14... f5 15. f3 {[#]} (15. exf5 $15 Bxf5 16. Qd1) 15... f4 $1 $17 {Black is more active.} 16. gxf4 (16. Bxc5 $17 {might work better.} bxc5 17. g4) 16... exf4 $19 17. Bf2 Be5 18. Kh2 Qg5 19. Rg1 Ng3 20. Bf1 Nxf1+ 21. Rgxf1 (21. Raxf1 {was forced.} Qh6 22. h4) 21... Qh6 22. Ng1 Re7 23. Nb3 g5 {[%cal Od7h3]} 24. Nd4 Rf8 25. Nc6 (25. Nf5 {was called for.} Bxf5 26. exf5) 25... Bxc6 26. dxc6 Qg6 27. Rad1 Ne6 28. Rd5 h5 29. b3 Rg7 ({Not} 29... g4 $2 30. Bh4 g3+ 31. Kh1 $19) 30. Be1 Qf6 31. Rf2 g4 {[%cal Bg5g4,Bg4g3][%mdl 32]} 32. Rg2 g3+ 33. Kh1 Nd8 {[%cal Be6d8,Bd8c6,Bc6d4][%mdl 32]} 34. a3 Nxc6 35. b4 axb4 {Black is clearly winning.} 36. axb4 Nd4 37. Qd1 c6 {[%cal Bc7c6,Bc6c5][%mdl 32]} 38. Rxd4 Bxd4 39. Rd2 c5 {[#] Hoping for ...Ra8.} 40. Kg2 Ra8 {White must now prevent ...Ra1.} 41. Rc2 Ra1 42. Rc1 Rxc1 43. Qxc1 Ra7 {( -> ...Ra2+)} 44. Qd2 {To avoid Ra2} Bxg1 {White got outplayed after the opening.  Weighted Error Value: White=0.84/Black=0.23 (precise)} 0-1

[Event "Marienbad IM-I 2022"]
[Site "Marianske Lazne"]
[Date "2022.01.22"]
[Round "9.14"]
[White "Mantovani, Renzo"]
[Black "Ricken, Katharina"]
[Result "0-1"]
[WhiteElo "2272"]
[BlackElo "2004"]
[Annotator "ChessBase"]
[PlyCount "110"]
[EventDate "2022.01.15"]
[EventType "tourn"]
[EventCountry "CZE"]
[SourceTitle "playchess.com"]
[Source "ChessBase"]
[SourceQuality "1"]
[TimeControl "40/5400+30:1800+30"]

1. Nf3 {[%emt 0:01:14]} c5 {[%emt 0:00:03]} 2. e4 {[%emt 0:00:57]} g6 {[%emt 0:00:04]} 3. d4 cxd4 {[%emt 0:00:05]} 4. Nxd4 {[%emt 0:00:33]} Nc6 {[%emt 0:00:04]} 5. Nc3 {[%emt 0:00:25]} Bg7 {[%emt 0:00:07]} 6. Nb3 {[%emt 0:00:08]} Nf6 {[%emt 0:00:13]} 7. Be2 {[%emt 0:00:15]} d6 {[%emt 0:00:15]} 8. O-O {[%emt 0:00:10]} O-O {[%emt 0:00:03]} 9. Bg5 {[%emt 0:00:13]} b6 {[%emt 0:00:12]} 10. f4 {[%emt 0:00:25]} Bb7 {[%emt 0:00:30]} 11. Bf3 {[%emt 0:00:13]} Nd7 {[%emt 0:03:35]} 12. Qe1 {[%emt 0:03:50]} h6 {[%emt 0:02:30]} 13. Bh4 {[%emt 0:01:52]} Re8 {[%emt 0:02:19]} 14. Rd1 {[%emt 0:00:49]} Qc8 {[%emt 0:22:52]} 15. Bg4 {[%emt 0:08:25]} Ba6 {[%emt 0:11:25]} 16. Rf2 {[%emt 0:00:40]} Qb7 {[%emt 0:04:04]} 17. e5 {[%emt 0:04:45]} Nc5 {[%emt 0:01:07]} 18. Bf3 {[%emt 0:23:50]} Nxb3 {[%emt 0:05:14]} 19. cxb3 {[%emt 0:09:45]} dxe5 {[%emt 0:01:54]} 20. fxe5 {[%emt 0:00:21]} Rad8 {[%emt 0:02:32]} 21. e6 {[%emt 0:06:04]} f5 {[%emt 0:02:18]} 22. Rfd2 {[%emt 0:01:07]} Rxd2 {[%emt 0:04:59]} 23. Rxd2 {[%emt 0:08:19]} Qc8 {[%emt 0:02:37]} 24. Rd7 {[%emt 0:01:18]} g5 {[%emt 0:03:14]} 25. Bf2 {[%emt 0:00:46]} Ne5 {[%emt 0:03:03]} 26. Qd1 {[%emt 0:07:39]} Bf6 {[%emt 0:06:05]} 27. Bh5 {[%emt 0:03:29]} Rf8 {[%emt 0:00:14]} 28. Qd5 {[%emt 0:01:15]} Kg7 {[%emt 0:01:59]} 29. Rxa7 {[%emt 0:13:42]} Rd8 {[%emt 0:01:17]} 30. Rxe7+ {[%emt 0:00:11]} Bxe7 {[%emt 0:00:08]} 31. Qxe5+ {[%emt 0:00:08]} Bf6 {[%emt 0:00:07]} 32. Qxf5 {[%emt 0:00:08]} Bd3 {[%emt 0:00:17]} 33. Qg4 {[%emt 0:01:35]} Rd6 {[%emt 0:03:43]} 34. Bf7 {[%emt 0:01:33]} Bg6 {[%emt 0:02:22]} 35. Bxg6 {[%emt 0:00:21]} Kxg6 {[%emt 0:00:02]} 36. Qe4+ {[%emt 0:00:40]} Kg7 {[%emt 0:00:11]} 37. e7 {[%emt 0:00:23]} Re6 {[%emt 0:00:39]} 38. Qf5 {[%emt 0:01:17]} Re1+ {[%emt 0:01:36]} 39. Bxe1 {[%emt 0:00:03]} Qxf5 {[%emt 0:00:06]} 40. e8=N+ {[%emt 0:01:05]} Kf8 {[%emt 0:00:56]} 41. Nxf6 {[%emt 0:30:09]} Qxf6 {[%emt 0:30:09]} 42. h3 {[%emt 0:00:00]} Qf4 {[%emt 0:00:00]} 43. Ne2 {[%emt 0:00:00]} Qe4 {[%emt 0:00:00]} 44. Kf2 {[%emt 0:00:00]} Qb1 {[%emt 0:00:00]} 45. Bc3 {[%emt 0:00:00]} Qxa2 {[%emt 0:00:00]} 46. Nd4 {[%emt 0:00:00]} Kf7 {[%emt 0:00:00]} 47. g4 {[%emt 0:00:00]} Kg6 {[%emt 0:00:00]} 48. b4 {[%emt 0:00:00]} Qb1 {[%emt 0:00:00]} 49. Kg2 {[%emt 0:00:00]} Qe4+ {[%emt 0:00:00]} 50. Nf3 {[%emt 0:00:00]} Kf7 {[%emt 0:00:00]} 51. Kg3 {[%emt 0:00:00]} Ke6 {[%emt 0:00:00]} 52. Nd2 {[%emt 0:00:00]} Qd3+ {[%emt 0:00:00]} 53. Kg2 {[%emt 0:00:00]} Kd5 {[%emt 0:00:00]} 54. Kh2 {[%emt 0:00:00]} Qe2+ {[%emt 0:00:00]} 55. Kg1 {[%emt 0:00:00]} b5 {[%emt 0:00:00]} 0-1

[Event "Marienbad IM-I 2022"]
[Site "Marianske Lazne"]
[Date "2022.01.22"]
[Round "9.15"]
[White "Bracker, Arne"]
[Black "Smolik, Jachym"]
[Result "1/2-1/2"]
[WhiteElo "2268"]
[BlackElo "2244"]
[Annotator "ChessBase"]
[PlyCount "80"]
[EventDate "2022.01.15"]
[EventType "tourn"]
[EventCountry "CZE"]
[SourceTitle "playchess.com"]
[Source "ChessBase"]
[SourceQuality "1"]
[TimeControl "40/5400+30:1800+30"]

1. e4 {[%emt 0:00:02]} c6 {[%emt 0:00:05]} 2. Nc3 {[%emt 0:00:08]} d5 {[%emt 0:00:04]} 3. Nf3 {[%emt 0:00:05]} dxe4 {[%emt 0:00:07]} 4. Nxe4 {[%emt 0:00:05]} Nf6 {[%emt 0:00:05]} 5. Qe2 {[%emt 0:00:08]} Nxe4 {[%emt 0:00:05]} 6. Qxe4 {[%emt 0:00:04]} Qa5 {[%emt 0:00:05]} 7. Qf4 {[%emt 0:00:32]} Qf5 {[%emt 0:00:10]} 8. d3 {[%emt 0:00:12]} Qxf4 {[%emt 0:00:52]} 9. Bxf4 {[%emt 0:00:08]} f6 {[%emt 0:00:25]} 10. d4 {[%emt 0:00:15]} Bf5 {[%emt 0:03:07]} 11. O-O-O {[%emt 0:00:33]} e6 {[%emt 0:02:54]} 12. Bc4 {[%emt 0:02:26]} g5 {[%emt 0:02:43]} 13. Bg3 {[%emt 0:00:38]} Nd7 {[%emt 0:04:10]} 14. Rhe1 {[%emt 0:00:56]} Kf7 {[%emt 0:01:48]} 15. h4 {[%emt 0:01:59]} g4 {[%emt 0:01:35]} 16. Ng1 {[%emt 0:00:38]} Nb6 {[%emt 0:07:20]} 17. Bd3 {[%emt 0:02:57]} Bxd3 {[%emt 0:00:47]} 18. Rxd3 {[%emt 0:00:03]} Nd5 {[%emt 0:01:56]} 19. a3 {[%emt 0:04:57]} b5 {[%emt 0:02:42]} 20. Ne2 {[%emt 0:01:03]} Bh6+ {[%emt 0:01:34]} 21. Kb1 {[%emt 0:03:45]} a5 {[%emt 0:02:06]} 22. Bd6 {[%emt 0:08:09]} Rhd8 {[%emt 0:04:03]} 23. Bc5 {[%emt 0:00:33]} Rd7 {[%emt 0:00:30]} 24. g3 {[%emt 0:00:54]} f5 {[%emt 0:05:21]} 25. Red1 {[%emt 0:11:09]} Rb8 {[%emt 0:01:57]} 26. Nc3 {[%emt 0:01:41]} Nf6 {[%emt 0:04:07]} 27. b4 {[%emt 0:04:42]} a4 {[%emt 0:03:15]} 28. Re1 {[%emt 0:03:30]} Rbd8 {[%emt 0:04:30]} 29. Bb6 {[%emt 0:00:24]} Re8 {[%emt 0:00:06]} 30. Bc5 {[%emt 0:00:57]} Rb7 {[%emt 0:03:08]} 31. Bd6 {[%emt 0:03:18]} Rd8 {[%emt 0:01:07]} 32. Be5 {[%emt 0:07:14]} Nd7 {[%emt 0:00:31]} 33. Nd1 {[%emt 0:07:33]} Nxe5 {[%emt 0:02:10]} 34. Rxe5 {[%emt 0:04:53]} Rbd7 {[%emt 0:05:14]} 35. c3 {[%emt 0:08:48]} Rd5 {[%emt 0:06:40]} 36. Re2 {[%emt 0:04:33]} Bg7 {[%emt 0:05:16]} 37. Kc2 {[%emt 0:01:43]} h5 {[%emt 0:01:17]} 38. Ne3 {[%emt 0:01:49]} R5d7 {[%emt 0:00:36]} 39. Rd1 {[%emt 0:00:48]} Bh6 {[%emt 0:00:14]} 40. Ng2 {[%emt 0:01:37]} Rd5 {[%emt 0:00:09]} 1/2-1/2